000
00321nam a22001337a 4500
008
180927b xxu||||| |||| 00| 0 eng d
020
_a
0387902392
041
_a
eng
080
_a
615.83
100
_a
8
101
_a
ekz
245
_a
Rdiologic Examination Orhypopharynx And Esophagus
_c
Zaino.C
942
_2
udc
_c
BK
999
_c
48632
_d
48632